LEADER 00865nam0 2200265 450 001 000030228 005 20141120165436.0 010 $a978-88-14-18389-8 011 $a1720-2698 100 $a20141120d2014----km-y0itay50------ba 101 0 $aita 102 $aIT 105 $ay-------001yy 200 1 $aConcorrenza e mercato$eantitrust, regulation, consumer welfare, intellectual property$fdiretta da Gustavo Ghidini [et al.] 210 $aMilano$cGiuffrè$d2014 215 $aVII, 712 p.$d25 cm. 500 10$aConcorrenza e mercato$957384 610 1 $aConcorrenza$aDiritto commerciale 676 $a343.0721$v23$9Legislazione antitrust 702 1$aGhidini,$bGustavo 801 0$aIT$bUNIPARTHENOPE$c20141120$gRICA$2UNIMARC 912 $a000030228 951 $a343-C/46 (2014)$b45347$cNAVA1$d2014 996 $aConcorrenza e mercato$957384 997 $aUNIPARTHENOPE LEADER 00812nam0 2200229 450 001 000010306 005 20180628122022.0 100 $a20080423d1960----km-y0itay50------ba 101 0 $aita 102 $aIT 105 $ay-------001yy 200 1 $aRegime giuridico della stampa$eesposizione sistematica e commento della legislazione in materia di stampa, con ampia rassegna di dottrina e di giurisprudenza$fCassiodoro Cantarano 210 $aRoma$cStamperia nazionale$d1960 215 $a311 p.$d24 cm 610 1 $aStampa$aDiritto 676 $a070.13$v18$9Stampa. Legislazione 700 1$aCantarano,$bCassiodoro$0225258 801 0$aIT$bUNIPARTHENOPE$c20080423$gRICA$2UNIMARC 912 $a000010306 951 $a655.595/100$b16013$cPIST 996 $aRegime giuridico della stampa$91203596 997 $aUNIPARTHENOPE